A névmagyarosítás hatása a hazai német kisebbségre a Horthy-korszakban = The effects of name Magyarization on the domestic German minority in the Horthy era
The Name Magyarization process in Hungary had several stages, its newest starting in the 30s. The Trianon borders have altered the ethnic structure of the region, and Germans became the biggest minority in Hungary. In the offices it was done voluntarily, but it was also done under compulsion, which...
Elmentve itt :
| Szerző: | |
|---|---|
| Dokumentumtípus: | Cikk |
| Megjelent: |
Egyesület Közép-Európa Kutatására, SZTE Juhász Gyula Pedagógusképző Kar
Szeged
2018
|
| Sorozat: | Közép-európai közlemények
11 No. 4 |
| Kulcsszavak: | Kisebbség - német - Magyarország - 1919-1945, Magyarország története - 1919-1945 |
| Online Access: | http://acta.bibl.u-szeged.hu/58165 |
| LEADER | 01650nab a2200193 i 4500 | ||
|---|---|---|---|
| 001 | acta58165 | ||
| 005 | 20260224081030.0 | ||
| 008 | 191002s2018 hu o 000 hun d | ||
| 022 | |a 1789-6339 | ||
| 040 | |a SZTE Egyetemi Kiadványok Repozitórium |b hun | ||
| 041 | |a hun | ||
| 100 | 1 | |a Szávai Ferenc | |
| 245 | 1 | 2 | |a A névmagyarosítás hatása a hazai német kisebbségre a Horthy-korszakban = The effects of name Magyarization on the domestic German minority in the Horthy era |h [elektronikus dokumentum] / |c Szávai Ferenc |
| 260 | |a Egyesület Közép-Európa Kutatására, SZTE Juhász Gyula Pedagógusképző Kar |b Szeged |c 2018 | ||
| 300 | |a 139-155 | ||
| 490 | 0 | |a Közép-európai közlemények |v 11 No. 4 | |
| 520 | 3 | |a The Name Magyarization process in Hungary had several stages, its newest starting in the 30s. The Trianon borders have altered the ethnic structure of the region, and Germans became the biggest minority in Hungary. In the offices it was done voluntarily, but it was also done under compulsion, which of course depended on the German-Hungarian relations. The independent organizations of German minorities were supported by Germany, the role of German capital increased, and economic relations widened. Yet they could not manage to form an independent economic organization until 1943. During this time Name Magyarization was influenced by the committee of the Hungarian Academy of Sciences, but deportations and later relocations started a new wave. | |
| 695 | |a Kisebbség - német - Magyarország - 1919-1945, Magyarország története - 1919-1945 | ||
| 856 | 4 | 0 | |u http://acta.bibl.u-szeged.hu/58165/1/kek_043_139-155.pdf |z Dokumentum-elérés |